<?xml version="1.0" encoding="UTF-8"?>
<collection xmlns="http://www.loc.gov/MARC21/slim">
 <record>
  <leader>     na                 </leader>
  <controlfield tag="001">INLIS000000000864387</controlfield>
  <controlfield tag="005">20210903093502</controlfield>
  <datafield tag="035" ind1=" " ind2=" ">
   <subfield code="a">0010-0921000137</subfield>
  </datafield>
  <controlfield tag="007">ta</controlfield>
  <controlfield tag="008">210903s2021    yoi    gr         0 ind d</controlfield>
  <datafield tag="020" ind1=" " ind2=" ">
   <subfield code="a">978-623-96845-4-9</subfield>
  </datafield>
  <datafield tag="040" ind1=" " ind2=" ">
   <subfield code="a">YOPDYOG</subfield>
   <subfield code="b">ind</subfield>
   <subfield code="e">rda</subfield>
  </datafield>
  <datafield tag="082" ind1="0" ind2="4">
   <subfield code="2">23</subfield>
   <subfield code="a">899.22102</subfield>
  </datafield>
  <datafield tag="084" ind1=" " ind2=" ">
   <subfield code="a">899.22102 INU m</subfield>
  </datafield>
  <datafield tag="090" ind1=" " ind2=" ">
   <subfield code="a">CB-D.11 2021-0891</subfield>
  </datafield>
  <datafield tag="100" ind1="0" ind2=" ">
   <subfield code="a">Inung Setyami</subfield>
   <subfield code="e">penulis</subfield>
   <subfield code="t">Wabah dan kreativitas</subfield>
  </datafield>
  <datafield tag="245" ind1="1" ind2="0">
   <subfield code="a">Membaca corona membaca realita :</subfield>
   <subfield code="b">bunga rampai /</subfield>
   <subfield code="c">penulis, Inung Setyami, Listiani, Alfi Suciyati, Firima Zona Tanjung, Uli Agustina Gultom, Silfia Ilma, Iva Ani Wijiati, Muhammad Ilham, Siti Sulityani, Siti Fathonah; penyunting, R. Ari Nugroho</subfield>
  </datafield>
  <datafield tag="250" ind1=" " ind2=" ">
   <subfield code="a">Cetakan pertama, April 2021</subfield>
  </datafield>
  <datafield tag="300" ind1=" " ind2=" ">
   <subfield code="a">vi, 135 halaman ;</subfield>
   <subfield code="c">21 cm</subfield>
  </datafield>
  <datafield tag="650" ind1=" " ind2="4">
   <subfield code="a">Kesusasteraan Indonesia--</subfield>
   <subfield code="x">Bunga Rampai</subfield>
  </datafield>
  <datafield tag="700" ind1="0" ind2=" ">
   <subfield code="a">Listiani</subfield>
   <subfield code="e">penulis</subfield>
   <subfield code="t">Satu tahun pandemi: sebuah catatan dari sudut kota Kalamazoo, Amerika Utara</subfield>
  </datafield>
  <datafield tag="700" ind1="0" ind2=" ">
   <subfield code="a">Alfi Suciyati</subfield>
   <subfield code="e">penulis</subfield>
   <subfield code="t">Urban farming, solusi mandiri pangan di masa pandemi</subfield>
  </datafield>
  <datafield tag="700" ind1="0" ind2=" ">
   <subfield code="a">Firima Zona Tanjung</subfield>
   <subfield code="e">penulis</subfield>
   <subfield code="t">Mitigasi learning loss: pembelajaran Bahasa Inggris di kawasan perbatasan</subfield>
  </datafield>
  <datafield tag="700" ind1="0" ind2=" ">
   <subfield code="a">Uli Agustina Gultom</subfield>
   <subfield code="e">penulis</subfield>
   <subfield code="t">Normal baru roman masyarakat masa pandemi covid-19</subfield>
  </datafield>
  <datafield tag="700" ind1="0" ind2=" ">
   <subfield code="a">Silfia Ilma</subfield>
   <subfield code="e">penulis</subfield>
   <subfield code="t">Keterampilan kolaborasi dan kreativitas siswa selama pandemi: tantangan dan solusi</subfield>
  </datafield>
  <datafield tag="700" ind1="0" ind2=" ">
   <subfield code="a">Iva Ani Wijiati</subfield>
   <subfield code="e">penulis</subfield>
   <subfield code="t">Hitam putih pandemi virus covid-19</subfield>
  </datafield>
  <datafield tag="700" ind1="0" ind2=" ">
   <subfield code="a">Muhammad Ilham</subfield>
   <subfield code="e">penulis</subfield>
   <subfield code="t">Nelangsa pendidikan di balik covid-19</subfield>
  </datafield>
  <datafield tag="700" ind1="0" ind2=" ">
   <subfield code="a">Siti Sulistyani Pamuji</subfield>
   <subfield code="e">penulis</subfield>
   <subfield code="t">Peran orangtua selama anak belajar dari rumah (BDR) melalui penerapan literasi keluarga</subfield>
  </datafield>
  <datafield tag="700" ind1="0" ind2=" ">
   <subfield code="a">Siti Fathonah</subfield>
   <subfield code="e">penulis</subfield>
   <subfield code="t">Pengaruh pandemi terhadap proses pembelajaran di sekolah</subfield>
  </datafield>
  <datafield tag="700" ind1="1" ind2=" ">
   <subfield code="a">Nugroho, R. Ari</subfield>
   <subfield code="e">penyunting</subfield>
  </datafield>
  <datafield tag="850" ind1=" " ind2=" ">
   <subfield code="a">YOPDYOG</subfield>
  </datafield>
  <datafield tag="504" ind1=" " ind2=" ">
   <subfield code="a">Termasuk bibliografi</subfield>
  </datafield>
  <datafield tag="264" ind1="3" ind2="1">
   <subfield code="a">Bantul :</subfield>
   <subfield code="b">Jejak Pustaka,</subfield>
   <subfield code="c">2021</subfield>
  </datafield>
  <datafield tag="336" ind1=" " ind2=" ">
   <subfield code="2">rdacontent</subfield>
   <subfield code="a">teks</subfield>
  </datafield>
  <datafield tag="337" ind1=" " ind2=" ">
   <subfield code="2">rdamedia</subfield>
   <subfield code="a">tanpa perantara</subfield>
  </datafield>
  <datafield tag="338" ind1=" " ind2=" ">
   <subfield code="2">rdacarrier</subfield>
   <subfield code="a">volume</subfield>
  </datafield>
  <datafield tag="999" ind1=" " ind2=" ">
   <subfield code="a">CB-D.11/2021-0891</subfield>
  </datafield>
  <datafield tag="990" ind1=" " ind2=" ">
   <subfield code="a">CB-D.11/2021-0891</subfield>
  </datafield>
 </record>
</collection>
